| 000 | 00631nam a22001817a 4500 | ||
|---|---|---|---|
| 020 | _qHard Cover | ||
| 082 | _a004 | ||
| 100 | _aMuhammad Bilal Amjad, Muhammad Arsalan Mughal | ||
| 245 |
_aSEECS Indoor Positioning System (SIPS) _cMuhammad Bilal Amjad, Muhammad Arsalan Mughal |
||
| 260 |
_aIslamabad : _bSEECS - NUST, _c2010. |
||
| 300 |
_a2010. _c30cm. |
||
| 563 | _aa | ||
| 650 |
_aCommunication System Engineering-Project Report _934568 |
||
| 700 |
_aMs. Sana Khalique _934569 |
||
| 856 | _uhttp://10.250.8.41:8080/xmlui/handle/123456789/10728 | ||
| 942 |
_2ddc _cTHE |
||
| 999 |
_c540511 _d540511 |
||